<?xml version="1.0" encoding="UTF-8"?>
<record
    xmlns:xsi="http://www.w3.org/2001/XMLSchema-instance"
    xsi:schemaLocation="http://www.loc.gov/MARC21/slim http://www.loc.gov/standards/marcxml/schema/MARC21slim.xsd"
    xmlns="http://www.loc.gov/MARC21/slim">

  <leader>06060nam a2200421 a 4500</leader>
  <controlfield tag="003">CHAP</controlfield>
  <controlfield tag="005">20240613093900.0</controlfield>
  <controlfield tag="007">ta</controlfield>
  <controlfield tag="008">240613s2021    mx abdofom||| 001 0 spa d</controlfield>
  <datafield tag="040" ind1=" " ind2=" ">
    <subfield code="e">rda</subfield>
  </datafield>
  <datafield tag="041" ind1="0" ind2=" ">
    <subfield code="a">spa</subfield>
    <subfield code="b">eng</subfield>
  </datafield>
  <datafield tag="100" ind1="1" ind2=" ">
    <subfield code="9">189203</subfield>
    <subfield code="a">Fonseca Salvador, Romy Sinahi</subfield>
  </datafield>
  <datafield tag="240" ind1="1" ind2="0">
    <subfield code="a">Feasibility study to establish a garlic packaging plant (Allium Sativum) in the municipality of San Gabriel Chilac, Puebla.</subfield>
    <subfield code="l">Espa&#xF1;ol</subfield>
  </datafield>
  <datafield tag="245" ind1="1" ind2="3">
    <subfield code="a">Estudio de factibilidad para establecer una empacadora de ajo (Allium Sativum) en el municipio de San Gabriel Chilac, Puebla /</subfield>
    <subfield code="c">Romy Sinahi Fonseca Salvador y Williams Del Carmen Mendoza Espinosa</subfield>
  </datafield>
  <datafield tag="264" ind1=" " ind2="0">
    <subfield code="a">Chapingo, M&#xE9;xico :</subfield>
    <subfield code="b">El autor,</subfield>
    <subfield code="c">2021</subfield>
  </datafield>
  <datafield tag="300" ind1=" " ind2=" ">
    <subfield code="a">1 recurso en l&#xED;nea ( xi, 119 p&#xE1;ginas) : </subfield>
    <subfield code="b">ilustraciones, tablas, diagramas, gr&#xE1;ficas, mapas, fotos</subfield>
  </datafield>
  <datafield tag="336" ind1=" " ind2=" ">
    <subfield code="2">rdacontent</subfield>
    <subfield code="a">texto</subfield>
    <subfield code="b">txt</subfield>
  </datafield>
  <datafield tag="337" ind1=" " ind2=" ">
    <subfield code="2">rdamedia</subfield>
    <subfield code="a">computadora</subfield>
    <subfield code="b">c</subfield>
  </datafield>
  <datafield tag="338" ind1=" " ind2=" ">
    <subfield code="2">rdacarrier</subfield>
    <subfield code="a">recurso en l&#xED;nea</subfield>
    <subfield code="b">cr</subfield>
  </datafield>
  <datafield tag="502" ind1=" " ind2=" ">
    <subfield code="a">Formulaci&#xF3;n y Evaluaci&#xF3;n De Proyectos</subfield>
    <subfield code="b">IA</subfield>
    <subfield code="c">Agroindustrias</subfield>
    <subfield code="d">2021</subfield>
    <subfield code="g">LIC</subfield>
  </datafield>
  <datafield tag="504" ind1=" " ind2=" ">
    <subfield code="a">Bibliograf&#xED;a: 109-114 p&#xE1;ginas</subfield>
  </datafield>
  <datafield tag="520" ind1="3" ind2=" ">
    <subfield code="a">El presente proyecto es un estudio de factibilidad para establecer una empacadora de ajo en el municipio de San Gabriel Chilac, Puebla. Este estudio se realiz&#xF3; determinando la factibilidad comercial, organizativa, en el abasto, t&#xE9;cnica y financiera de la empacadora, as&#xED; como el impacto ambiental y social que se tendr&#xED;a durante la operaci&#xF3;n del proyecto. Esta propuesta surge como una alternativa de venta y comercializaci&#xF3;n del ajo de San Gabriel Chilac, ya que en la actualidad la producci&#xF3;n es acaparada por intermediarios que subvaloran el precio del producto. La baja rentabilidad del cultivo se identific&#xF3; como el problema principal del Sistema-Producto Ajo, una de las consecuencias de este problema es la migraci&#xF3;n de sus pobladores hacia el norte del pa&#xED;s y USA en busca de mejores ingresos econ&#xF3;micos. Para el establecimiento de la empacadora se estima abarcar una producci&#xF3;n de 43 ha de cultivo, equivalentes al 15% de la superficie local sembrada, de las cuales se obtienen 350 toneladas de ajo, considerando un rendimiento de 8.2 t/ha. Finalmente, se determin&#xF3; que la inversi&#xF3;n requerida para la implementaci&#xF3;n del proyecto es de $ 8,001,898.00, se obtuvo una TIR de 36%, la relaci&#xF3;n Beneficio/Costo de 1.07 y un VAN de $ 8,099,041.86, esto indica que los rendimientos a obtener ser&#xE1;n favorables, por lo que financieramente es viable implementar este proyecto. Asimismo, la capacidad de pago es superior a 2 puntos, por lo que el proyecto puede solventar el pago de un cr&#xE9;dito bancario de av&#xED;o y refaccionario. El establecimiento de la empacadora implica un impacto ambiental medianamente bajo, as&#xED; como un impacto social alto, por lo que se obtienen mayores beneficios que desventajas en su implementaci&#xF3;n, entre los beneficios que obtendr&#xED;an los productores, si se pone en marcha este proyecto, se destaca la garant&#xED;a de compra de producci&#xF3;n, mejora en precios de venta, mejor acceso a insumos agr&#xED;colas, asesor&#xED;a t&#xE9;cnica capacitada, acceso a programas de capacitaci&#xF3;n de calidad, inocuidad y sanidad vegetal.</subfield>
  </datafield>
  <datafield tag="520" ind1="3" ind2=" ">
    <subfield code="a">This project is a feasibility study to establish a garlic packing plant in the municipality of San Gabriel Chilac, Puebla. This study was carried out determining the commercial, organizational, supply, technical and financial feasibility of the packing plant, as well as the environmental and social impact that it would have during the operation of the project. This proposal arises as an alternative for the sale and commercialization of garlic from San Gabriel Chilac, since at present the production is hoard by intermediaries who undervalue the price of the product. The low profitability of the crop was identified as the main problem of the Garlic Product-System, one of the consequences of this problem is the migration of its inhabitants to the north of the country and the USA in search of better economic income. For the establishment of the packing plant, it is estimated to cover a production of 43 ha of cultivation, equivalent to 15% of the local planted area, of which 350 tons of garlic are obtained, considering a yield of 8.2 t/ha. Finally, it was determined that the investment required for the implementation of the project is $ 8,001,898.00, an IRR of 36%, the Benefit / Cost ratio of 1.07 and a NPV of $ 8,099,041.86 were obtained, this indicates that the returns to be obtained will be favorable, therefore making it financially viable to implement this project. Likewise, the payment capacity is greater than 2 points, for this reason the project can pay for the payment of a bank loan to acquire fixed assets and working capital. The establishment of the packing plant implies a moderately low environmental impact, as well as a high social impact, so that more benefits are obtained than disadvantages in its implementation, among the benefits that producers would obtain, if this project is started, it stands out the guarantee of purchase of production, improvement in sales prices, better access to agricultural inputs, trained technical advice, access to quality training programs, food safety and plant health.</subfield>
  </datafield>
  <datafield tag="650" ind1="1" ind2="3">
    <subfield code="2">atg</subfield>
    <subfield code="9">3170</subfield>
    <subfield code="a">Ajo</subfield>
    <subfield code="x">Plantas empacadoras</subfield>
  </datafield>
  <datafield tag="650" ind1="1" ind2="3">
    <subfield code="2">atg</subfield>
    <subfield code="9">3170</subfield>
    <subfield code="a">Ajo</subfield>
    <subfield code="x">Calidad del producto</subfield>
  </datafield>
  <datafield tag="650" ind1="1" ind2="3">
    <subfield code="2">atg</subfield>
    <subfield code="9">58836</subfield>
    <subfield code="a">Inocuidad alimentaria</subfield>
  </datafield>
  <datafield tag="650" ind1="1" ind2="3">
    <subfield code="2">atg</subfield>
    <subfield code="9">148031</subfield>
    <subfield code="a">Iniciativa empresarial  </subfield>
  </datafield>
  <datafield tag="650" ind1="1" ind2="3">
    <subfield code="2">atg</subfield>
    <subfield code="9">147924</subfield>
    <subfield code="a">Garlic</subfield>
    <subfield code="x">Packing houses</subfield>
  </datafield>
  <datafield tag="650" ind1="1" ind2="3">
    <subfield code="2">atg</subfield>
    <subfield code="9">147924</subfield>
    <subfield code="a">Garlic</subfield>
    <subfield code="x">Product quality</subfield>
  </datafield>
  <datafield tag="650" ind1="1" ind2="3">
    <subfield code="2">atg</subfield>
    <subfield code="9">148388</subfield>
    <subfield code="a">Food safety  </subfield>
  </datafield>
  <datafield tag="650" ind1="1" ind2="3">
    <subfield code="2">atg</subfield>
    <subfield code="9">148030</subfield>
    <subfield code="a">Entrepreneurship</subfield>
  </datafield>
  <datafield tag="700" ind1="1" ind2=" ">
    <subfield code="9">189206</subfield>
    <subfield code="a">Mendoza Espinosa, Williams Del Carmen </subfield>
    <subfield code="e">autor</subfield>
  </datafield>
  <datafield tag="700" ind1="1" ind2=" ">
    <subfield code="9">148600</subfield>
    <subfield code="a">Mart&#xED;nez Mosqueda, Francisco</subfield>
    <subfield code="e">director</subfield>
  </datafield>
  <datafield tag="700" ind1="1" ind2=" ">
    <subfield code="9">161734</subfield>
    <subfield code="a">Ramayo Ram&#xED;rez, Jos&#xE9; Orlando</subfield>
    <subfield code="e">asesor</subfield>
  </datafield>
  <datafield tag="700" ind1="1" ind2=" ">
    <subfield code="9">151434</subfield>
    <subfield code="a">Szymanski Duque, Rosa Guadalupe</subfield>
    <subfield code="e">asesora</subfield>
  </datafield>
  <datafield tag="856" ind1="4" ind2="0">
    <subfield code="y">DESCARGAR PDF</subfield>
    <subfield code="u">http://10.13.5.2/tesis/tl/2021_IA_Fonseca_Salvador_RomySinahi-Mendoza_Espinosa_WilliamsdelCarmen.pdf</subfield>
  </datafield>
  <datafield tag="942" ind1=" " ind2=" ">
    <subfield code="2">Clasificaci&#xF3;n Universidad Aut&#xF3;noma Chapingo</subfield>
    <subfield code="c">TD</subfield>
  </datafield>
  <datafield tag="999" ind1=" " ind2=" ">
    <subfield code="c">219989</subfield>
    <subfield code="d">219989</subfield>
  </datafield>
  <datafield tag="952" ind1=" " ind2=" ">
    <subfield code="0">0</subfield>
    <subfield code="1">0</subfield>
    <subfield code="2">local</subfield>
    <subfield code="4">0</subfield>
    <subfield code="7">0</subfield>
    <subfield code="8">TesDigL</subfield>
    <subfield code="a">IA_</subfield>
    <subfield code="b">IA_</subfield>
    <subfield code="c">E_L</subfield>
    <subfield code="d">2024-06-13</subfield>
    <subfield code="e">El autor</subfield>
    <subfield code="l">0</subfield>
    <subfield code="p">1201013871</subfield>
    <subfield code="r">2024-06-13 00:00:00</subfield>
    <subfield code="w">2024-06-13</subfield>
    <subfield code="y">TD</subfield>
  </datafield>
  <datafield tag="952" ind1=" " ind2=" ">
    <subfield code="0">0</subfield>
    <subfield code="1">0</subfield>
    <subfield code="2">local</subfield>
    <subfield code="4">0</subfield>
    <subfield code="5">1</subfield>
    <subfield code="7">0</subfield>
    <subfield code="8">TesDigL</subfield>
    <subfield code="a">BD</subfield>
    <subfield code="b">BD</subfield>
    <subfield code="c">E_L</subfield>
    <subfield code="d">2024-09-17</subfield>
    <subfield code="l">0</subfield>
    <subfield code="o">Tesis digital</subfield>
    <subfield code="r">2024-09-17 12:50:48</subfield>
    <subfield code="w">2024-09-17</subfield>
    <subfield code="y">TD</subfield>
  </datafield>
</record>
